Statistics for German and Austrian composers

Click here to take the quiz!

General Stats

  • This quiz has been taken 60 times
    (55 since last reset)
  • The average score is 14 of 25

Answer Stats

LivedComposer% Correct
1770-1827Beethoven
100%
1714-1788C. P. E. Bach
98%
1685-1750J. S. Bach
98%
1765-1791Mozart
95%
1813-1883Wagner
80%
1732-1809Haydn
78%
1797-1828Schubert
78%
1833-1897Brahms
76%
1864-1949R. Strauss
71%
1810-1865Schumann
71%
1685-1759Händel
68%
1809-1847Mendelssohn Bartholdy
66%
1860-1911Mahler
61%
1873-1951Schoenberg
49%
1824-1896Bruckner
41%
1895-1982Orff
41%
1714-1787Gluck
37%
1767-1861Telemann
37%
1838-1920Bruch
32%
1895-1963Hindemith
27%
1819-1880Offenbach
22%
1791-1857Czerny
20%
1778-1837Hummel
17%
1873-1916Reger
17%
1781-1858Diabelli
15%

Score Distribution

Percentile by Number Answered

Percent of People with Each Score

Your Score History

You have not taken this quiz since the last reset